Miscelánea / Mons. José Rius Serra
Publicado:
San Cugat del Vallès :
Instituto Internacional de Cultura Románica [de la Excma. Diputación Provincial de Barcelona] ,
1964
Descripción Física:
2 v. ; 25 cm
Colección:
Biblioteca Filológica-histórica ; 15
MARC
| LEADER | 00000nam a2200000Ia 4500 | ||
|---|---|---|---|
| 001 | 1661, 1662 | ||
| 008 | 160829s1964 xx 000 0 cat d | ||
| 080 | |a L-1-26, L-1-27 | ||
| 100 | |a Rius i Serra, Josep |9 31699 | ||
| 245 | |a Miscelánea / Mons. José Rius Serra | ||
| 260 | |a San Cugat del Vallès : |b Instituto Internacional de Cultura Románica [de la Excma. Diputación Provincial de Barcelona], |c 1964 | ||
| 300 | |a 2 v. ; |c 25 cm | ||
| 490 | |a Biblioteca Filológica-histórica ; 15 | ||
| 650 | |a Miscelànies |9 31700 | ||
| 650 | |a Història |x Fonts |9 31701 | ||
| 650 | |a Vida religiosa |9 31702 | ||
| 710 | 2 | |a Instituto Internacional de Cultura Románica |9 54313 | |
| 866 | |a 1, 2 | ||
| 901 | |a Arxiu | ||
| 942 | |n 1 | ||
| 952 | |0 0 |1 0 |4 0 |6 L126_L127 |7 1 |9 45729 |a Arxiu |b Arxiu |d 2016-12-01 |l 0 |o L-1-26, L-1-27 |p 1661, 1662 |r 2016-12-01 00:00:00 |w 2016-12-01 |y ARXIU | ||
| 999 | |c 49229 |d 49229 | ||